[Event "Aarhus/Skolerne - Jetsmark"]
[Site "?"]
[Date "2017.03.18"]
[Round "1.1"]
[White "Stig Rasmussen (2515) JET, Allan"]
[Black "Møller Ochsner (2425) Å/S, Bjørn"]
[Result "1/2-1/2"]
[BlackElo "2425"]
[WhiteElo "2515"]
[LiveChessVersion "1.4.8"]

1. d4 {[%clk 1:30:57]} Nf6 {[%clk 1:30:52]} 2. Nf3 {[%clk 1:30:47]} d5 3. c4
{[%clk 1:30:33]} e6 {[%clk 1:31:10]} 4. Nc3 {[%clk 1:29:59]} Bb4 {[%clk 1:31:25]}
5. Qa4+ {[%clk 1:25:18]} Nc6 {[%clk 1:31:50]} 6. Qc2 {[%clk 1:20:08]} O-O
{[%clk 1:19:57]} 7. a3 {[%clk 1:13:45]} Bxc3+ {[%clk 1:16:44]} 8. Qxc3
{[%clk 1:12:19]} Ne4 {[%clk 1:05:55]} 9. Qd3 {[%clk 1:02:24]} Na5
{[%clk 0:58:34]} 10. b3 {[%clk 0:52:51]} c5 {[%clk 0:53:21]} 11. e3
{[%clk 0:30:22]} cxd4 {[%clk 0:42:11]} 12. exd4 {[%clk 0:29:51]} b6
{[%clk 0:35:55]} 13. Bf4 {[%clk 0:18:47]} Bb7 {[%clk 0:31:51]} 14. Rc1
{[%clk 0:16:31]} Rc8 {[%clk 0:27:40]} 15. Qb1 {[%clk 0:15:03]} dxc4
{[%clk 0:21:46]} 16. bxc4 {[%clk 0:14:36]} Nd6 {[%clk 0:21:26]} 17. Bd3
{[%clk 0:09:29]} Nf5 {[%clk 0:20:14]} 18. d5 {[%clk 0:09:09]} Nh4
{[%clk 0:15:58]} 19. Nxh4 {[%clk 0:06:35]} Qxh4 {[%clk 0:16:27]} 20. Bg3
{[%clk 0:06:46]} Qh5 {[%clk 0:15:10]} 21. O-O {[%clk 0:04:24]} exd5
{[%clk 0:15:30]} 22. c5 {[%clk 0:03:23]} Nc4 {[%clk 0:08:42]} 23. Bxc4
{[%clk 0:03:49]} dxc4 {[%clk 0:09:06]} 24. cxb6 {[%clk 0:04:12]} axb6
{[%clk 0:08:40]} 25. Qxb6 {[%clk 0:04:24]} Ba8 {[%clk 0:07:15]} 26. Qd4
{[%clk 0:03:27]} Qb5 {[%clk 0:06:34]} 27. Rfd1 {[%clk 0:03:25]} Qc6
{[%clk 0:06:16]} 28. f3 {[%clk 0:03:53]} Rfe8 {[%clk 0:04:51]} 29. Rd2
{[%clk 0:04:04]} Qa6 1/2-1/2

[Event "Aarhus/Skolerne - Jetsmark"]
[Site "?"]
[Date "2017.03.18"]
[Round "1.2"]
[White "Sørensen (2420) Å/S, Jan"]
[Black "Søndergård Thybo (2387) JET, Jesper"]
[Result "1-0"]
[BlackElo "2387"]
[WhiteElo "2420"]
[LiveChessVersion "1.4.8"]

1. e4 {[%clk 1:30:58]} e5 {[%clk 1:30:46]} 2. Bc4 {[%clk 1:31:01]} Nf6
{[%clk 1:30:40]} 3. Nc3 {[%clk 1:30:47]} Nc6 {[%clk 1:30:28]} 4. d3
{[%clk 1:30:56]} Na5 {[%clk 1:30:26]} 5. Nge2 {[%clk 1:30:17]} Be7
{[%clk 1:30:27]} 6. a4 {[%clk 1:28:38]} Nxc4 {[%clk 1:30:18]} 7. dxc4
{[%clk 1:29:04]} O-O {[%clk 1:30:02]} 8. O-O {[%clk 1:29:05]} d6 {[%clk 1:29:40]}
9. Ng3 {[%clk 1:28:25]} c6 {[%clk 1:26:33]} 10. b3 {[%clk 1:26:16]} Be6
{[%clk 1:25:38]} 11. Bb2 {[%clk 1:25:14]} Qc7 {[%clk 1:15:06]} 12. Qe2
{[%clk 1:20:33]} Rfe8 {[%clk 1:08:53]} 13. h3 {[%clk 1:19:02]} Rad8
{[%clk 1:04:57]} 14. Rad1 {[%clk 1:17:56]} Bf8 {[%clk 1:00:50]} 15. Rd2
{[%clk 1:04:04]} g6 {[%clk 0:51:37]} 16. Qe3 {[%clk 0:57:17]} a6 {[%clk 0:46:42]}
17. Rfd1 {[%clk 0:53:33]} Qb8 {[%clk 0:42:09]} 18. Qe2 {[%clk 0:41:02]} h5
{[%clk 0:33:47]} 19. Ba3 {[%clk 0:31:43]} h4 {[%clk 0:33:09]} 20. Nf1
{[%clk 0:32:07]} Nh5 {[%clk 0:32:53]} 21. Qf3 {[%clk 0:28:05]} Nf4
{[%clk 0:24:39]} 22. Ne2 {[%clk 0:26:19]} Nxe2+ {[%clk 0:23:00]} 23. Qxe2
{[%clk 0:26:38]} b5 {[%clk 0:19:33]} 24. axb5 {[%clk 0:26:29]} axb5
{[%clk 0:19:54]} 25. cxb5 {[%clk 0:26:41]} cxb5 {[%clk 0:20:18]} 26. Bb4
{[%clk 0:26:02]} Kg7 {[%clk 0:14:33]} 27. Ne3 {[%clk 0:25:50]} Be7
{[%clk 0:13:47]} 28. Nd5 {[%clk 0:14:21]} Bg5 {[%clk 0:12:51]} 29. Ne3
{[%clk 0:13:47]} Be7 {[%clk 0:07:54]} 30. Rd3 {[%clk 0:13:31]} Rd7
{[%clk 0:06:01]} 31. Qd2 {[%clk 0:12:03]} Red8 {[%clk 0:03:50]} 32. Nd5
{[%clk 0:11:51]} Bxd5 {[%clk 0:02:20]} 33. Rxd5 {[%clk 0:12:15]} Rc8
{[%clk 0:02:33]} 34. Qd3 {[%clk 0:11:47]} Rb7 {[%clk 0:01:57]} 35. Bxd6
{[%clk 0:08:49]} Bxd6 {[%clk 0:02:20]} 36. Rxd6 {[%clk 0:09:15]} Rbc7
{[%clk 0:02:37]} 37. Qf3 {[%clk 0:07:56]} Rf8 {[%clk 0:01:48]} 38. Qf6+
{[%clk 0:07:24]} Kg8 {[%clk 0:02:18]} 39. R1d2 {[%clk 0:06:18]} Re8
{[%clk 0:02:17]} 40. Rd8 {[%clk 0:05:28]} Rc8 {[%clk 0:02:41]} 41. R2d7
{[%clk 0:04:39]} 1-0

[Event "Aarhus/Skolerne - Jetsmark"]
[Site "?"]
[Date "2017.03.18"]
[Round "1.3"]
[White "Jensen (2322) JET, Bjarke"]
[Black "Skytte (2411) Å/S, Rasmus"]
[Result "0-1"]
[BlackElo "2411"]
[WhiteElo "2322"]
[LiveChessVersion "1.4.8"]

1. d4 {[%clk 1:30:56]} Nf6 {[%clk 1:30:22]} 2. c4 {[%clk 1:31:22]} c5
{[%clk 1:29:17]} 3. d5 {[%clk 1:31:46]} g6 {[%clk 1:28:34]} 4. Nc3
{[%clk 1:31:21]} Bg7 {[%clk 1:27:53]} 5. Nf3 {[%clk 1:25:01]} d6 {[%clk 1:26:42]}
6. g3 {[%clk 1:24:13]} O-O {[%clk 1:23:21]} 7. Bg2 {[%clk 1:24:38]} Na6
{[%clk 1:23:34]} 8. O-O {[%clk 1:24:36]} Nc7 {[%clk 1:22:18]} 9. Bf4
{[%clk 1:21:03]} b5 {[%clk 1:21:11]} 10. cxb5 {[%clk 1:20:59]} Rb8
{[%clk 1:21:31]} 11. a4 {[%clk 1:12:35]} a6 {[%clk 1:20:10]} 12. Nd2
{[%clk 1:08:49]} axb5 {[%clk 1:17:05]} 13. axb5 {[%clk 1:08:30]} Nxb5
{[%clk 1:16:13]} 14. Nc4 {[%clk 1:04:46]} Bd7 {[%clk 1:12:35]} 15. Qd2
{[%clk 0:56:42]} Nd4 {[%clk 1:08:51]} 16. Ra3 {[%clk 0:55:13]} Rb4
{[%clk 1:05:50]} 17. Qd3 {[%clk 0:49:40]} Qb8 {[%clk 0:59:13]} 18. Rd1
{[%clk 0:42:47]} Bb5 {[%clk 0:51:42]} 19. Nxb5 {[%clk 0:38:32]} Qxb5
{[%clk 0:50:04]} 20. Rc1 {[%clk 0:31:45]} Rb3 {[%clk 0:33:55]} 21. Rc3
{[%clk 0:27:12]} Rxb2 {[%clk 0:24:49]} 22. Nxb2 {[%clk 0:24:55]} Nxe2+
{[%clk 0:24:51]} 0-1

[Event "Aarhus/Skolerne - Jetsmark"]
[Site "?"]
[Date "2017.03.18"]
[Round "1.4"]
[White "Rasmussen (2444) Å/S, Karsten"]
[Black "Thøgersen (2119) JET, Rasmus"]
[Result "1-0"]
[BlackElo "2119"]
[WhiteElo "2444"]
[LiveChessVersion "1.4.8"]

1. c4 {[%clk 1:30:56]} g6 {[%clk 1:30:54]} 2. g3 {[%clk 1:30:36]} Bg7
{[%clk 1:31:18]} 3. Bg2 {[%clk 1:31:02]} Nf6 {[%clk 1:31:16]} 4. Nc3
{[%clk 1:31:09]} O-O {[%clk 1:31:41]} 5. e4 {[%clk 1:30:37]} d6 {[%clk 1:31:03]}
6. Nge2 {[%clk 1:31:00]} e5 {[%clk 1:30:43]} 7. d4 {[%clk 1:31:12]} Nc6
{[%clk 1:30:13]} 8. d5 {[%clk 1:31:36]} Ne7 {[%clk 1:30:10]} 9. O-O
{[%clk 1:31:42]} Nd7 {[%clk 1:30:29]} 10. Be3 {[%clk 1:31:35]} f5
{[%clk 1:30:53]} 11. Qd2 {[%clk 1:31:36]} Nf6 {[%clk 1:31:16]} 12. f3
{[%clk 1:31:37]} Bd7 {[%clk 1:31:22]} 13. Kh1 {[%clk 1:21:08]} fxe4
{[%clk 1:27:50]} 14. Nxe4 {[%clk 1:20:37]} b5 {[%clk 1:23:48]} 15. Nxf6+
{[%clk 1:12:31]} Bxf6 {[%clk 1:23:59]} 16. c5 {[%clk 1:11:02]} b4
{[%clk 1:09:49]} 17. Bh6 {[%clk 0:43:22]} Rf7 {[%clk 1:02:44]} 18. cxd6
{[%clk 0:43:07]} cxd6 {[%clk 1:03:01]} 19. Qxb4 {[%clk 0:43:30]} Rb8
{[%clk 0:59:18]} 20. Qa3 {[%clk 0:38:34]} Qb6 {[%clk 0:54:42]} 21. Nc3
{[%clk 0:35:11]} Nf5 {[%clk 0:44:52]} 22. Bc1 {[%clk 0:32:48]} Bb5
{[%clk 0:33:56]} 23. Nxb5 {[%clk 0:28:38]} Qxb5 {[%clk 0:33:43]} 24. Rd1
{[%clk 0:28:36]} Nd4 {[%clk 0:30:16]} 25. Qd3 {[%clk 0:25:47]} Qxd3
{[%clk 0:22:50]} 26. Rxd3 {[%clk 0:26:12]} Rc7 {[%clk 0:22:44]} 27. Rb1
{[%clk 0:22:55]} Rc2 {[%clk 0:21:38]} 28. Rd2 {[%clk 0:20:43]} Rc5
{[%clk 0:17:01]} 29. f4 {[%clk 0:17:00]} exf4 {[%clk 0:15:59]} 30. gxf4
{[%clk 0:17:11]} Re8 {[%clk 0:14:45]} 31. Rd1 {[%clk 0:11:26]} Rc2
{[%clk 0:12:59]} 32. Bd2 {[%clk 0:11:52]} Re2 {[%clk 0:12:07]} 33. Bc3
{[%clk 0:12:17]} Nf5 {[%clk 0:07:21]} 34. Rdc1 {[%clk 0:10:35]} Rxc1+
{[%clk 0:04:41]} 35. Rxc1 {[%clk 0:11:00]} Bxc3 {[%clk 0:05:03]} 36. bxc3
{[%clk 0:11:15]} Rxa2 {[%clk 0:04:16]} 37. Kg1 {[%clk 0:07:28]} Nh4
{[%clk 0:03:32]} 38. Bh1 {[%clk 0:07:38]} a5 {[%clk 0:03:37]} 39. c4
{[%clk 0:08:00]} Kf7 {[%clk 0:03:28]} 40. c5 {[%clk 0:03:51]} dxc5
{[%clk 0:01:42]} 41. d6 {[%clk 0:00:51]} Rd2 {[%clk 0:22:23]} 42. Bc6
{[%clk 0:31:54]} a4 {[%clk 0:17:50]} 43. d7 {[%clk 0:29:17]} Nf5 {[%clk 0:08:01]}
44. Rxc5 {[%clk 0:23:39]} a3 {[%clk 0:07:13]} 45. Ra5 {[%clk 0:23:41]} Rd6
{[%clk 0:04:02]} 46. Rxa3 {[%clk 0:21:52]} Nd4 {[%clk 0:04:14]} 47. Ba4
{[%clk 0:21:32]} Ne2+ {[%clk 0:03:40]} 48. Kf1 {[%clk 0:19:59]} Nxf4
{[%clk 0:03:51]} 49. Re3 {[%clk 0:20:08]} Kf6 {[%clk 0:00:41]} 50. Re8
{[%clk 0:16:50]} Ne6 {[%clk 0:01:05]} 51. Kf2 {[%clk 0:14:59]} h5
{[%clk 0:00:37]} 52. Ke3 {[%clk 0:14:46]} g5 {[%clk 0:00:38]} 53. h3
{[%clk 0:12:47]} Rd5 {[%clk 0:00:35]} 54. Rh8 {[%clk 0:11:06]} g4
{[%clk 0:00:33]} 55. h4 {[%clk 0:11:25]} Re5+ {[%clk 0:00:51]} 56. Kf2
{[%clk 0:11:32]} Rf5+ {[%clk 0:01:16]} 57. Kg1 {[%clk 0:11:14]} Rd5
{[%clk 0:00:43]} 58. Rh6+ {[%clk 0:10:33]} Ke5 {[%clk 0:00:53]} 59. Rxh5+
{[%clk 0:10:39]} Ke4 {[%clk 0:01:12]} 60. Rxd5 {[%clk 0:10:38]} 1-0

[Event "Aarhus/Skolerne - Jetsmark"]
[Site "?"]
[Date "2017.03.18"]
[Round "1.5"]
[White "Pil Wilbrandt (2155) JET, Simon"]
[Black "Bent Christensen (2317) Å/S, Tobias"]
[Result "0-1"]
[BlackElo "2317"]
[WhiteElo "2155"]
[LiveChessVersion "1.4.8"]

1. d4 {[%clk 1:30:58]} g6 {[%clk 1:30:13]} 2. c4 {[%clk 1:30:48]} Bg7
{[%clk 1:30:37]} 3. e4 {[%clk 1:31:11]} Nc6 {[%clk 1:30:21]} 4. Ne2
{[%clk 1:25:31]} e5 {[%clk 1:28:32]} 5. d5 {[%clk 1:21:24]} Nd4 {[%clk 1:28:05]}
6. Be3 {[%clk 1:18:04]} c5 {[%clk 1:27:24]} 7. Ng3 {[%clk 1:16:29]} h5
{[%clk 1:20:49]} 8. Be2 {[%clk 1:11:28]} h4 {[%clk 1:12:22]} 9. Nf1
{[%clk 1:11:01]} d6 {[%clk 1:11:01]} 10. Nc3 {[%clk 1:08:01]} Nf6
{[%clk 1:01:49]} 11. Bg5 {[%clk 0:59:01]} Qb6 {[%clk 0:58:29]} 12. Qd2
{[%clk 0:55:16]} h3 {[%clk 0:56:58]} 13. g3 {[%clk 0:48:52]} Bg4 {[%clk 0:51:19]}
14. Bxg4 {[%clk 0:38:56]} Nxg4 {[%clk 0:51:33]} 15. O-O-O {[%clk 0:38:17]} Qb4
{[%clk 0:40:58]} 16. f3 {[%clk 0:25:55]} Nxf3 {[%clk 0:37:04]} 17. Qe2
{[%clk 0:26:06]} Nxg5 {[%clk 0:36:31]} 18. Qxg4 {[%clk 0:26:29]} Bh6
{[%clk 0:30:40]} 19. Nd2 {[%clk 0:26:00]} O-O {[%clk 0:26:49]} 20. Rhf1
{[%clk 0:23:00]} Kg7 {[%clk 0:24:03]} 21. Kc2 {[%clk 0:22:05]} Rad8
{[%clk 0:21:06]} 22. b3 {[%clk 0:20:39]} a6 {[%clk 0:18:46]} 23. a4
{[%clk 0:19:33]} Qa5 {[%clk 0:18:37]} 24. Nf3 {[%clk 0:17:53]} f6
{[%clk 0:12:16]} 25. Nxg5 {[%clk 0:17:32]} Bxg5 {[%clk 0:12:40]} 26. Qxh3
{[%clk 0:17:16]} Be3 {[%clk 0:08:23]} 27. Rf3 {[%clk 0:15:28]} Bd4
{[%clk 0:08:27]} 28. Qf1 {[%clk 0:15:36]} Rb8 {[%clk 0:07:26]} 29. h4
{[%clk 0:14:18]} b5 {[%clk 0:06:06]} 30. cxb5 Bxc3 {[%clk 0:06:32]} 31. Rxc3
{[%clk 0:11:48]} axb5 {[%clk 0:06:56]} 32. axb5 {[%clk 0:09:53]} Qb4
{[%clk 0:05:06]} 33. Qc4 {[%clk 0:08:47]} Qxb5 {[%clk 0:03:56]} 34. Ra1
{[%clk 0:04:09]} Qd7 {[%clk 0:04:23]} 35. Ra6 {[%clk 0:04:02]} Rb4
{[%clk 0:03:35]} 36. Qe2 {[%clk 0:04:05]} Rfb8 {[%clk 0:03:01]} 37. g4
{[%clk 0:03:04]} Qb7 {[%clk 0:02:13]} 38. Rxd6 {[%clk 0:02:03]} Rxb3
{[%clk 0:02:21]} 39. Qc4 {[%clk 0:00:51]} Rxc3+ {[%clk 0:01:50]} 40. Qxc3
{[%clk 0:01:15]} Qb1+ {[%clk 0:02:13]} 41. Kd2 {[%clk 0:00:48]} Rb2+
{[%clk 0:02:15]} 0-1

[Event "Aarhus/Skolerne - Jetsmark"]
[Site "?"]
[Date "2017.03.18"]
[Round "1.6"]
[White "Ochsner (2290) Å/S, Thomas"]
[Black "Rosenkilde (2232) JET, Alexander"]
[Result "1/2-1/2"]
[BlackElo "2232"]
[WhiteElo "2290"]
[LiveChessVersion "1.4.8"]

1. e4 {[%clk 1:30:55]} c5 {[%clk 1:30:55]} 2. c3 {[%clk 1:31:01]} d5
{[%clk 1:30:56]} 3. exd5 {[%clk 1:31:27]} Qxd5 {[%clk 1:31:18]} 4. d4
{[%clk 1:31:50]} Nc6 {[%clk 1:30:50]} 5. Nf3 {[%clk 1:32:12]} Bg4
{[%clk 1:30:49]} 6. Be2 {[%clk 1:32:05]} cxd4 {[%clk 1:30:51]} 7. cxd4
{[%clk 1:32:26]} e6 {[%clk 1:31:10]} 8. Nc3 {[%clk 1:32:44]} Qa5 {[%clk 1:31:27]}
9. O-O {[%clk 1:30:49]} Nf6 {[%clk 1:31:49]} 10. h3 {[%clk 1:28:34]} Bh5
{[%clk 1:32:10]} 11. Be3 {[%clk 1:26:33]} Bd6 {[%clk 1:31:36]} 12. Qb3
{[%clk 1:23:35]} Qb4 {[%clk 1:30:35]} 13. d5 {[%clk 1:06:15]} Qxb3
{[%clk 1:18:55]} 14. axb3 {[%clk 1:06:41]} exd5 {[%clk 1:15:10]} 15. Rfd1
{[%clk 1:06:48]} Rd8 {[%clk 0:58:32]} 16. Bxa7 {[%clk 1:05:20]} O-O
{[%clk 0:50:11]} 17. Kf1 {[%clk 1:02:58]} Bb4 {[%clk 0:36:08]} 18. Bb6
{[%clk 0:56:37]} Rd7 {[%clk 0:32:59]} 19. Bb5 {[%clk 0:48:52]} Rc8
{[%clk 0:25:46]} 20. Bd4 {[%clk 0:45:19]} Ne4 {[%clk 0:22:09]} 21. g4
{[%clk 0:30:20]} Bg6 {[%clk 0:21:29]} 22. Ne5 {[%clk 0:28:59]} Rd6
{[%clk 0:16:22]} 23. Nxg6 {[%clk 0:22:57]} hxg6 {[%clk 0:16:44]} 24. Nxe4
{[%clk 0:22:40]} dxe4 {[%clk 0:17:09]} 25. Be3 {[%clk 0:22:49]} Rxd1+
{[%clk 0:11:09]} 26. Rxd1 {[%clk 0:23:14]} Rc7 {[%clk 0:05:19]} 27. Ra1
{[%clk 0:20:53]} Bd6 {[%clk 0:03:56]} 28. Ra4 {[%clk 0:18:27]} Re7
{[%clk 0:01:49]} 29. Rc4 {[%clk 0:18:24]} Nb4 {[%clk 0:01:51]} 30. Rc8+
{[%clk 0:18:21]} Kh7 {[%clk 0:02:15]} 31. Bc4 {[%clk 0:18:36]} Nd3
{[%clk 0:01:42]} 32. Rf8 {[%clk 0:17:21]} Ne5 {[%clk 0:02:01]} 33. Bd5
{[%clk 0:17:40]} Rd7 {[%clk 0:01:24]} 34. Re8 {[%clk 0:17:51]} Nd3
{[%clk 0:01:16]} 35. Bxe4 {[%clk 0:17:18]} Nxb2 {[%clk 0:01:10]} 36. Ke2
{[%clk 0:15:25]} Bb4 {[%clk 0:01:01]} 37. Bc2 {[%clk 0:15:13]} Rc7
{[%clk 0:01:05]} 38. Be4 {[%clk 0:13:56]} Rd7 {[%clk 0:00:42]} 39. Rb8
{[%clk 0:13:33]} Nd1 {[%clk 0:00:41]} 40. Rxb7 {[%clk 0:05:21]} Rxb7
{[%clk 0:00:39]} 41. Bxb7 {[%clk 0:05:48]} Nxe3 {[%clk 0:01:00]} 42. Kxe3
{[%clk 0:05:19]} Bc5+ {[%clk 0:28:13]} 43. Ke2 {[%clk 0:36:34]} g5
{[%clk 0:26:22]} 44. f3 {[%clk 0:34:34]} Kg6 {[%clk 0:26:29]} 45. Kd3
{[%clk 0:33:39]} Kf6 {[%clk 0:26:16]} 46. Kc4 {[%clk 0:33:43]} Bf2
{[%clk 0:24:01]} 47. b4 {[%clk 0:24:50]} Ke5 {[%clk 0:23:57]} 48. Be4
{[%clk 0:24:20]} Kd6 {[%clk 0:19:25]} 49. Kb5 {[%clk 0:24:01]} Bg1
{[%clk 0:18:14]} 50. Ka6 {[%clk 0:24:04]} Kc7 {[%clk 0:18:29]} 51. Bd5
{[%clk 0:24:30]} f6 {[%clk 0:18:41]} 52. Be4 {[%clk 0:24:56]} Bf2
{[%clk 0:18:51]} 53. Bc2 {[%clk 0:24:59]} Bg1 {[%clk 0:18:30]} 54. Kb5
{[%clk 0:25:11]} Kd6 {[%clk 0:18:49]} 55. Kc4 {[%clk 0:19:48]} Ke5
{[%clk 0:18:52]} 56. b5 {[%clk 0:19:49]} Bb6 {[%clk 0:18:49]} 57. Kb4
{[%clk 0:20:13]} 1/2-1/2

[Event "Aarhus/Skolerne - Jetsmark"]
[Site "?"]
[Date "2017.03.18"]
[Round "1.7"]
[White "Rathlev (2197) JET, Jakob"]
[Black "Filip Rendboe (2161) Å/S, John"]
[Result "1/2-1/2"]
[BlackElo "2161"]
[WhiteElo "2197"]
[LiveChessVersion "1.4.8"]

1. c4 {[%clk 1:30:58]} e5 {[%clk 1:30:51]} 2. g3 {[%clk 1:31:19]} g6
{[%clk 1:30:31]} 3. Bg2 {[%clk 1:31:43]} Bg7 {[%clk 1:30:56]} 4. Nc3
{[%clk 1:31:44]} Nc6 {[%clk 1:30:28]} 5. e4 {[%clk 1:24:52]} d6 {[%clk 1:29:39]}
6. d3 {[%clk 1:22:43]} Nge7 {[%clk 1:29:23]} 7. Nge2 {[%clk 1:22:07]} O-O
{[%clk 1:29:16]} 8. O-O {[%clk 1:22:24]} Be6 {[%clk 1:27:03]} 9. Nd5
{[%clk 1:21:56]} Qd7 {[%clk 1:21:53]} 10. Bg5 {[%clk 1:18:54]} f6
{[%clk 1:21:34]} 11. Be3 {[%clk 1:19:19]} f5 {[%clk 1:18:55]} 12. d4
{[%clk 1:14:16]} fxe4 {[%clk 1:15:37]} 13. Nxe7+ {[%clk 1:11:16]} Nxe7
{[%clk 1:15:14]} 14. d5 {[%clk 1:10:53]} Bh3 {[%clk 1:14:13]} 15. Nc3
{[%clk 1:10:13]} Bxg2 {[%clk 1:13:46]} 16. Kxg2 {[%clk 1:10:37]} c6
{[%clk 0:57:51]} 17. Qc2 {[%clk 0:39:36]} cxd5 {[%clk 0:53:03]} 18. cxd5
{[%clk 0:39:50]} Qf5 {[%clk 0:52:02]} 19. Rad1 {[%clk 0:36:22]} Rfc8
{[%clk 0:39:01]} 20. Qxe4 {[%clk 0:26:12]} Qxe4+ {[%clk 0:35:41]} 21. Nxe4
{[%clk 0:26:40]} Rc2 {[%clk 0:36:03]} 22. Rd2 {[%clk 0:26:42]} Rxd2
{[%clk 0:33:04]} 23. Bxd2 {[%clk 0:27:10]} Nxd5 {[%clk 0:33:15]} 24. Nxd6
{[%clk 0:27:24]} Rd8 {[%clk 0:32:36]} 25. Ne4 {[%clk 0:25:42]} Rc8
{[%clk 0:30:13]} 26. Nc3 {[%clk 0:17:43]} Nxc3 {[%clk 0:26:25]} 27. Bxc3
{[%clk 0:18:12]} e4 {[%clk 0:26:45]} 28. Rd1 {[%clk 0:11:31]} Bxc3
{[%clk 0:26:31]} 29. bxc3 {[%clk 0:12:00]} Rxc3 {[%clk 0:25:36]} 30. Rd8+
{[%clk 0:11:15]} Kf7 {[%clk 0:25:11]} 31. Rd7+ {[%clk 0:11:41]} Ke6
{[%clk 0:25:32]} 32. Rxb7 {[%clk 0:09:35]} Ra3 {[%clk 0:25:53]} 33. Rxh7
{[%clk 0:06:40]} Rxa2 {[%clk 0:26:19]} 34. Kf1 {[%clk 0:05:43]} a5
{[%clk 0:25:55]} 35. Rh4 {[%clk 0:04:45]} Kf5 {[%clk 0:24:53]} 36. Rf4+
{[%clk 0:05:03]} Ke5 {[%clk 0:25:17]} 37. Rg4 {[%clk 0:05:28]} Kf5
{[%clk 0:25:38]} 38. Rf4+ {[%clk 0:05:54]} Ke5 {[%clk 0:25:58]} 39. Rg4
{[%clk 0:06:18]} Kf5 {[%clk 0:26:21]} 1/2-1/2

[Event "Aarhus/Skolerne - Jetsmark"]
[Site "?"]
[Date "2017.03.18"]
[Round "1.8"]
[White "Skytte Hagen (2147) Å/S, Kresten"]
[Black "Freyr Heimission (2076) JET, Hilmir"]
[Result "1-0"]
[BlackElo "2076"]
[WhiteElo "2147"]
[LiveChessVersion "1.4.8"]

1. Nf3 {[%clk 1:30:58]} f5 {[%clk 1:29:40]} 2. c4 {[%clk 1:31:19]} Nf6
{[%clk 1:30:05]} 3. g3 {[%clk 1:30:13]} g6 {[%clk 1:29:52]} 4. Bg2
{[%clk 1:30:36]} Bg7 {[%clk 1:30:16]} 5. O-O {[%clk 1:30:51]} O-O
{[%clk 1:29:04]} 6. d4 {[%clk 1:30:12]} d6 {[%clk 1:27:02]} 7. Nc3
{[%clk 1:30:37]} c6 {[%clk 1:27:10]} 8. Rb1 {[%clk 1:30:11]} Qc7 {[%clk 1:25:02]}
9. d5 {[%clk 1:26:24]} Na6 {[%clk 1:13:37]} 10. Nd4 {[%clk 1:15:18]} Bd7
{[%clk 1:06:33]} 11. b3 {[%clk 1:04:54]} Rad8 {[%clk 1:00:09]} 12. Bb2
{[%clk 1:02:24]} c5 {[%clk 0:54:07]} 13. Nc2 {[%clk 0:59:09]} Qc8
{[%clk 0:48:07]} 14. f4 {[%clk 0:57:54]} Ng4 {[%clk 0:36:48]} 15. Qd2
{[%clk 0:48:30]} Nb4 {[%clk 0:29:26]} 16. Nxb4 {[%clk 0:42:10]} cxb4
{[%clk 0:29:40]} 17. Nd1 {[%clk 0:42:32]} Qc5+ {[%clk 0:29:24]} 18. Kh1
{[%clk 0:39:14]} Bxb2 {[%clk 0:28:25]} 19. Rxb2 {[%clk 0:38:38]} a5
{[%clk 0:28:05]} 20. h3 {[%clk 0:34:14]} Nf6 {[%clk 0:28:27]} 21. Ne3
{[%clk 0:28:39]} Rc8 {[%clk 0:26:18]} 22. Bf3 {[%clk 0:21:12]} h5
{[%clk 0:18:35]} 23. Rg1 {[%clk 0:19:54]} Rf7 {[%clk 0:17:57]} 24. Rc2
{[%clk 0:17:15]} Rh7 {[%clk 0:14:04]} 25. Kh2 {[%clk 0:16:30]} Ng4+
{[%clk 0:11:49]} 26. Bxg4 {[%clk 0:16:46]} hxg4 {[%clk 0:12:14]} 27. h4
{[%clk 0:17:13]} Rf8 {[%clk 0:10:48]} 28. Kg2 {[%clk 0:17:10]} Kf7
{[%clk 0:10:58]} 29. Qd3 {[%clk 0:16:26]} Ke8 {[%clk 0:10:17]} 30. Nf1
{[%clk 0:13:55]} e5 {[%clk 0:07:03]} 31. fxe5 {[%clk 0:08:33]} dxe5
{[%clk 0:07:12]} 32. Qe3 {[%clk 0:08:35]} Qxe3 {[%clk 0:07:17]} 33. Nxe3
{[%clk 0:09:03]} f4 {[%clk 0:07:45]} 34. Nd1 {[%clk 0:08:01]} g5 {[%clk 0:05:49]}
35. hxg5 {[%clk 0:06:55]} Bf5 {[%clk 0:06:02]} 36. Rd2 {[%clk 0:06:05]} Be4+
{[%clk 0:03:10]} 37. Kf2 {[%clk 0:05:40]} fxg3+ {[%clk 0:02:50]} 38. Ke3
{[%clk 0:05:51]} Rf4 {[%clk 0:02:08]} 39. Rxg3 {[%clk 0:05:40]} Rh3
{[%clk 0:01:51]} 40. Rxh3 {[%clk 0:03:43]} gxh3 {[%clk 0:02:15]} 41. Nf2
{[%clk 0:03:24]} h2 {[%clk 0:01:01]} 42. Rd1 {[%clk 0:03:37]} Rxf2
{[%clk 0:00:48]} 43. Kxe4 {[%clk 0:03:40]} Rxe2+ {[%clk 0:01:14]} 44. Kf5
{[%clk 0:02:25]} Kf7 {[%clk 0:00:55]} 45. d6 {[%clk 0:26:39]} Rd2
{[%clk 0:30:05]} 46. Rh1 {[%clk 0:25:33]} e4 {[%clk 0:21:46]} 47. Kxe4
{[%clk 0:24:29]} Ke6 {[%clk 0:20:52]} 48. c5 {[%clk 0:22:58]} Rxa2
{[%clk 0:14:15]} 49. Kd3 {[%clk 0:18:29]} Rg2 {[%clk 0:03:11]} 50. Kc4
{[%clk 0:17:57]} Kd7 {[%clk 0:01:44]} 51. Kb5 {[%clk 0:17:58]} Ra2
{[%clk 0:01:26]} 52. g6 {[%clk 0:16:30]} Rg2 {[%clk 0:01:04]} 53. g7
{[%clk 0:10:09]} Rxg7 {[%clk 0:00:46]} 54. Rxh2 {[%clk 0:10:35]} Rf7
{[%clk 0:00:44]} 55. Re2 {[%clk 0:05:53]} Rg7 {[%clk 0:00:50]} 56. Kxa5
{[%clk 0:03:41]} Kc6 {[%clk 0:00:35]} 57. Re7 {[%clk 0:03:12]} b6+
{[%clk 0:00:52]} 58. cxb6 {[%clk 0:03:19]} Rg5+ {[%clk 0:00:58]} 59. Ka6
{[%clk 0:01:49]} Kxd6 {[%clk 0:00:44]} 60. Rc7 {[%clk 0:02:06]} Rg3
{[%clk 0:00:43]} 61. Rc8 {[%clk 0:01:48]} Rxb3 {[%clk 0:00:34]} 62. b7
{[%clk 0:02:12]} 1-0